000 00254nam a22000977a 4500
008 231208b |||||||| |||| 00| 0 eng d
020 _a9789355558473
100 _aMTG
_97733
245 _aMTG NCERT FINGERTIPS-SCIENCE-CLASS-8
260 _aNew Delhi
_bMTG
_c2023
999 _c12501
_d12501